Konštrukcie grafov s aplikáciami v telekomunikáciách
Enregistré dans:
| Auteur principal: | |
|---|---|
| Autres auteurs: | |
| Format: | Manuscrit Livre |
| Langue: | slovaque |
| Publié: |
2026
|
| Sujets: | |
| Accès en ligne: | http://is.stuba.sk/zp/portal_zp.pl?podrobnosti_zp=107715 |
| Tags: |
Pas de tags, Soyez le premier à ajouter un tag!
|
MARC
| LEADER | 00000ntm a22000003a 4500 | ||
|---|---|---|---|
| 001 | stuzp107715 | ||
| 003 | SK-STU | ||
| 005 | 20260307210256.5 | ||
| 007 | ta | ||
| 008 | 150427s2015----xo-----f-mn---000-0-slo-d | ||
| 040 | |a STU |b slo | ||
| 041 | 0 | |a slo | |
| 100 | 1 | |a Gyürki, Štefan |u 010220 |k Z2 |4 aut |U SvF Stavebná fakulta |T SvF Katedra matematiky a deskriptívnej geometrie |X 69077 |U V220 |Y 23 |7 A000069077 | |
| 242 | 0 | 1 | |a Constructions of graphs with applications in telecommunication |y eng |
| 245 | 1 | 0 | |a Konštrukcie grafov s aplikáciami v telekomunikáciách |
| 260 | |c 2026 | ||
| 650 | 4 | |a algebraické konštrukcie |2 slo | |
| 650 | 4 | |a grafy |2 slo | |
| 650 | 4 | |a regularita |2 slo | |
| 650 | 4 | |a algebraic constructions |2 eng | |
| 650 | 4 | |a Graphs |2 eng | |
| 650 | 4 | |a regularity |2 eng | |
| 700 | 1 | |a , |4 ths |X null |7 null | |
| 856 | 4 | |u http://is.stuba.sk/zp/portal_zp.pl?podrobnosti_zp=107715 | |